000 00348nam a2200121Ia 4500
008 231228s1998 xx 000 0 und d
041 _aeng
082 _a658.15'99
_bLAL
100 _aLAL (Subhash)
245 _aInternational Finance and Investments Strategies
260 _aNew Delhi
_bAnmol Publications Pvt Ltd New Delhi
_c1998
300 _a302
999 _c1083977
_d1083977